India's foreign policy in the new millennium: (Record no. 164691)

MARC details
000 -LEADER
fixed length control field 00734nam a22002177a 4500
005 - DATE AND TIME OF LATEST TRANSACTION
control field 20190524135302.0
008 - FIXED-LENGTH DATA ELEMENTS--GENERAL INFORMATION
fixed length control field 190524b ||||| |||| 00| 0 eng d
010 ## - LCCN (DPL NO)
LC control number B-161050
020 ## - INTERNATIONAL STANDARD BOOK NUMBER
International Standard Book Number 8126905239
Terms of availability 550.00
035 ## - SYSTEM CONTROL NUMBER
System control number B-161050
037 ## - SOURCE OF ACQUISITION
Source of stock number/acquisition BPPD/Purchase
040 ## - CATALOGING SOURCE
Original cataloging agency dpl
Language of cataloging en
050 ## - LIBRARY OF CONGRESS CALL NUMBER
DPL Classification number 327.54
082 ## - DEWEY DECIMAL CLASSIFICATION NUMBER
Classification number 327.54
100 ## - MAIN ENTRY--PERSONAL NAME
Personal name Shukla, Vatsala
245 ## - TITLE STATEMENT
Title India's foreign policy in the new millennium:
Remainder of title role of power/
Statement of responsibility, etc by Vatsala Shukla
260 ## - PUBLICATION, DISTRIBUTION, ETC. (IMPRINT)
Place of publication, distribution, etc New Delhi
Name of publisher, distributor, etc Atlantic Publishers
Date of publication, distribution, etc 2005
270 ## - ADDRESS
Address B-2, Vishal Enclave, Opp. Rajouri Garden
City New Delhi
Postal code 110027
Telephone number 011-23273880, 23275880, 23280451
Electronic mail address info@atlanticbooks.com
300 ## - PHYSICAL DESCRIPTION
Extent xxi,298p.
Dimensions 22cm(hb)
942 ## - ADDED ENTRY ELEMENTS (KOHA)
Source of classification or shelving scheme Dewey Decimal Classification
Item type English Books
Classification part 327.54
Call number suffix SHU
Holdings
Withdrawn status Lost status Source of classification or shelving scheme Damaged status Not for loan Collection code Home library Current library Date acquired Source of acquisition Cost, normal purchase price Total Checkouts Full call number Barcode Date last seen Copy number Cost, replacement price Koha item type
    Dewey Decimal Classification     Non-fiction R.K.Puram-8 R.K.Puram-8 24/05/2019 BPPD/Purchase 550.00   327.54 SHU B-161050 24/05/2019 1 550.00 English Books

© Delhi Public Library
Hit Counter
free hit counter